Geography by Continent - Statistics

General Stats
  • This quiz has been taken 49 times
  • The average score is 37 of 44
Answer Stats
Hint Answer % Correct
Niger River Africa
95%
Amazon Rainforest South America
95%
Congo River Africa
93%
The Alps Europe
93%
Grand Canyon North America
93%
Nile River Africa
91%
Madagascar Africa
91%
Sahara Desert Africa
91%
Baltic Sea Europe
91%
Adriatic Sea Europe
91%
Rocky Mountains North America
91%
Mississippi River North America
91%
Great Lakes North America
91%
Persian Gulf Asia
89%
Mount Fuji Asia
89%
Seine River Europe
89%
Gulf of Mexico North America
89%
Outback Oceania
89%
Great Barrier Reef Oceania
89%
South Pole Antarctica
86%
Ganges River Asia
86%
Himalayas Asia
86%
Danube River Europe
86%
Rhine River Europe
86%
Yellowstone Caldera North America
86%
Serengeti Africa
84%
Black Forest Europe
84%
Tigris River Asia
82%
Gobi Desert Asia
82%
Appalachian Mountains North America
82%
Tasmania Oceania
82%
Mount Kilimanjaro Africa
80%
Andes Mountains South America
80%
Euphrates River Asia
77%
Indus River Asia
77%
Paraná River South America
77%
Atlas Mountains Africa
75%
Rio Grande River North America
75%
Bikini Atoll Oceania
73%
Atacama Desert South America
73%
The Pampas South America
73%
Ross Ice Shelf Antarctica
66%
Mojave Desert North America
59%
Weddel Sea Antarctica
48%
No matching quizzes found
Score Distribution
Percent of People with Each Score
Percentile by Number Answered
Your Score History
You have not taken this quiz